000 00942cam a22002531i 4500
003 SA-RiAUC
005 20251106065051.0
008 251030s1997 ua g 00000dara c
040 _aSA-RiAUC
_bara
_cSA-RiAUC
_erda
050 4 _b.S53 1997
082 0 4 _a252.3
090 _a252.3
_bش ل ب
100 1 _aشلبي، محمود (إسلام)
_eمؤلف.
245 1 0 _aصيام رسول الله صلى الله عليه وسلم /
_cمحمود شلبي.
264 1 _aالقاهرة :
_bمكتبة الآداب،
_c1997
300 _a160 صفحة ؛
_c24سم
336 _aنص
_btxt
_2rdacontent
_3كتاب
337 _aبدون وسيط
_bn
_2rdamedia
338 _aمجلد
_bnc
_2rdacarrier
600 0 7 _aمحمد (صلى الله عليه وسلم)،
_d53 قبل الهجرة-11 هجري
_2aucnm
650 7 _aالصوم (فقه إسلامي)
_2aucsh
942 _2ddc
_cBOOK
_n0
949 _aSA-JeALM
_d251030
_umohamedma123
_n1
999 _c13032
_d13032